Three musketeers (Record no. 168697)
[ view plain ]
| 000 -LEADER | |
|---|---|
| fixed length control field | 00527nam a2200217Ia 4500 |
| 003 - CONTROL NUMBER IDENTIFIER | |
| control field | OSt |
| 005 - DATE AND TIME OF LATEST TRANSACTION | |
| control field | 20230317163550.0 |
| 008 - FIXED-LENGTH DATA ELEMENTS--GENERAL INFORMATION | |
| fixed length control field | 210423s2016 xx 000 0 und d |
| 020 ## - INTERNATIONAL STANDARD BOOK NUMBER | |
| International Standard Book Number | 978-81-7234-469-6 |
| 040 ## - CATALOGING SOURCE | |
| Transcribing agency | AL |
| 041 ## - LANGUAGE CODE | |
| Language code of text/sound track or separate title | eng |
| 082 ## - DEWEY DECIMAL CLASSIFICATION NUMBER | |
| Classification number | 823.6 |
| Edition number | 23 |
| Item number | DUMT |
| 100 ## - MAIN ENTRY--PERSONAL NAME | |
| Personal name | DUMAS (Alexandre) |
| 9 (RLIN) | 76291 |
| 245 ## - TITLE STATEMENT | |
| Title | Three musketeers |
| 260 ## - PUBLICATION, DISTRIBUTION, ETC. | |
| Place of publication, distribution, etc. | New Delhi |
| Name of publisher, distributor, etc. | Fingerprint |
| Date of publication, distribution, etc. | 2016 |
| 300 ## - PHYSICAL DESCRIPTION | |
| Extent | 696 |
| Other physical details | PB |
| 365 ## - TRADE PRICE | |
| Price amount | 295 |
| Currency code | INR |
| 650 ## - SUBJECT ADDED ENTRY--TOPICAL TERM | |
| Topical term or geographic name entry element | English Fiction |
| 9 (RLIN) | 76292 |
| 906 ## - LOCAL DATA ELEMENT F, LDF (RLIN) | |
| a | musketeers ; Three |
| 942 ## - ADDED ENTRY ELEMENTS (KOHA) | |
| Source of classification or shelving scheme | Dewey Decimal Classification |
| Koha item type | Book |
| Withdrawn status | Lost status | Damaged status | Not for loan | Collection code | Home library | Current library | Date acquired | Source of acquisition | Cost, normal purchase price | Total Checkouts | Full call number | Barcode | Date last seen | Price effective from | Koha item type |
|---|---|---|---|---|---|---|---|---|---|---|---|---|---|---|---|
| General | St Aloysius PG Library | St Aloysius PG Library | 09/02/2017 | Navakarnataka | 295.00 | 823.6 DUMT | PG015199 | 08/24/2022 | 04/26/2021 | Book |